=LDR 00000nam 2200000 4500 =001 INLIS00000000000124 =005 20260702043538 =020 ##$$a 978-623-7764-10-6 =082 ##$$a 639.890 =100 1#$$a Slamet, Doni =245 1 $$a Wirausaha Desa Pesisir Unggul Budidaya Rumput Laut /$c Doni Slamet =300 ##$$a 58 ; 14,5 x 21 cm